| 000 | 00905nam0a2200277 4500 | ||
|---|---|---|---|
| 001 | RU\NLR\ONL1\2767 | ||
| 005 | 20250613113917.0 | ||
| 035 | _a(NLR Aleph) 009631520 | ||
| 090 |
_a9496615 _c9496615 |
||
| 100 | _a20040329d1956 |||y0rusy50 ca | ||
| 101 | 0 | _achm | |
| 102 | _aRU | ||
| 105 | _aa ||||||||| | ||
| 200 | 1 | _aСадым кузе шындаш | |
| 210 |
_aЙошкар-Ола _cКн. лукшо марий изд-во _d1956 |
||
| 215 |
_a48 с. _cил. _d20 |
||
| 541 | 1 |
_aПосадка сада _zrus |
|
| 606 | 0 |
_aСады _91370282 _3RU\NLR\auth\66260110 |
|
| 686 | 1 | _aП23 | |
| 700 | 1 |
_4070 _7ca _8rus _aЕфимов _bВ. А. _cбиолог, селекция _gВиктор Александрович _9257578 _3RU\NLR\AUTH\770257634 |
|
| 801 | 0 |
_aRU _bNLR _c20040329 _gPSBO |
|
| 852 |
_aNLR _bОНЛ _jМар.л./2-1784 |
||
| 942 | _cBOOK | ||
| 980 | _aNB | ||